[Event "City of Adelaide"]
[Site "Adelaide"]
[Date "1998.09.16"]
[Round "9.3"]
[White "Nothdurft, John"]
[Black "Hunter, Daniel M"]
[Result "1/2-1/2"]
[WhiteElo "1528"]
[BlackElo "1633"]
[Annotator "Fritz 5.00 - Anderson-Smith,W"]
[PlyCount "122"]
[EventDate "1998.07.22"]
[EventType "swiss"]
[EventRounds "9"]
[EventCountry "AUS"]

1. d4 d5 2. c4 Nc6 3. Nc3 {Queen's Gambit, Chigorin's Defence.} dxc4 4. Nf3 Bg4
(4... Nf6 5. e4 (5. e3 e5 6. d5 Ne7 7. Bxc4 Ng6 8. h4 Bd6 9. h5 Ne7 (9... Nf8
10. h6 g6 11. e4 a6 12. Bg5 N8d7 13. a4 O-O 14. Qe2 Be7 15. Rd1 Ne8 16. Bc1 Nd6
17. Bd3 Bf6 18. Nd2 Nc5 19. Nc4 Nb3 20. Be3 Nd4 21. Bxd4 exd4 22. Nb1 Bd7 23.
b3 b5 24. axb5 axb5 25. Ncd2 Ra2 26. Rc1 Re8 27. Rc2 Rxc2 28. Bxc2 c6 29. dxc6
Bxc6 30. O-O Bg5 31. f4 Bxh6 32. e5 f6 33. Nf3 Bxf4 34. Nxd4 Rxe5 {
0-1 Khalifman,A-Morozevich,A/Yalta  rapid 1995/EXP 47}) 10. h6 g6 11. e4 Bg4
12. Qa4+ Bd7 13. Qc2 O-O 14. Bg5 Ne8 15. O-O-O a6 16. Nd2 b5 17. Be2 f6 18. Be3
Qb8 19. Nb3 Nc8 20. Na5 Na7 21. Rhf1 c5 22. dxc6 Nxc6 23. Nxc6 Bxc6 24. Kb1 Qb7
25. Nd5 Nc7 26. Nc3 Be7 27. f4 Kh8 28. Bf3 Rac8 29. Qf2 Ne6 30. fxe5 fxe5 31.
Nd5 Bxd5 32. exd5 e4 33. dxe6 exf3 34. gxf3 Qc6 35. Bd4+ Kg8 36. Qe2 Rfd8 37.
Qe5 {1-0 Smyslov,V-Rogers,J/London Lloyds 1988/TD 88\02}) 5... Bg4 6. Be3 e6 7.
Bxc4 Bb4 8. Qc2 O-O 9. Rd1 Qe7 10. Bb5 e5 11. Bxc6 bxc6 12. dxe5 Nd7 13. a3 Ba5
14. Bf4 Bxf3 15. gxf3 Nxe5 16. Bxe5 Qxe5 17. O-O Rae8 18. Ne2 Re6 19. Ng3 Qf4
20. Qc5 Bb6 21. Qf5 Qh6 22. Rd3 Rf6 23. Qd7 g6 24. b4 Rf4 25. Qe7 Rh4 26. Rd8
Rxd8 27. Qxd8+ Kg7 28. e5 Rf4 29. Kg2 g5 30. h3 Qg6 31. Rd1 h5 32. Qe7 g4 33.
Rd8 gxf3+ 34. Kh2 Qc2 35. Qg5+ Kh7 36. Qxh5+ Kg7 37. Qh8+ {
1-0 Piket,J-Morozevich,A/London PCA-Intel GP 1995/EXP 49}) 5. d5 Bxf3 6. exf3
Ne5 7. Bf4 Nd3+ (7... Ng6 8. Bg3 e5 9. dxe6 fxe6 10. Bxc4 Qxd1+ 11. Rxd1 e5 12.
O-O Bd6 13. Nb5 O-O-O 14. Nxa7+ Kb8 15. Nb5 Nf6 16. Bf7 Nf4 17. Bxf4 exf4 18.
Nxd6 Rxd6 19. Rxd6 cxd6 20. Rd1 Kc7 21. Kf1 Rf8 22. Bb3 {
Keene,R-Cuartas,C/Dortmund 1982/MCL 01/1-0 (59)}) 8. Bxd3 cxd3 9. Qxd3 c6 10.
O-O-O $146 {White gets kings attack} (10. Rd1 Nf6 11. dxc6 bxc6 12. Qc4 Qb6 13.
O-O e6 14. Be3 Qb7 15. Rd2 Nd5 16. Bc5 Bxc5 17. Qxc5 Qb6 18. Qd6 Rd8 19. Qa3
Nb4 20. Rxd8+ Kxd8 21. Ne4 Ke7 22. Qc3 f6 23. Nc5 Rd8 24. Re1 Rd6 25. a3 Nd5
26. Qc2 a5 27. g3 Kf7 28. Ne4 Rd8 29. Rc1 Ne7 30. Nc5 Rd5 31. Na4 Qd8 32. Re1
h5 33. Nc3 Rd2 34. Qb3 Qd7 35. Qb6 h4 36. Qxa5 hxg3 37. hxg3 Rxb2 38. Na4 Rc2
39. Qh5+ Kg8 40. Nc5 Qd4 41. Qe8+ Kh7 42. Ne4 Nf5 43. Qxe6 Qd5 44. Qe8 Qd4 45.
g4 Nd6 46. Qd7 Nb5 47. Qf5+ Kh8 48. Qh5+ {
1-0 Maric,A-Maksimovic,S/Belgrade 1992/TD 92\07}) 10... Nf6 11. dxc6 {
Threatening mate... how?} bxc6 {
Controls b5+d5. Opening the d-file gets White a lot of play} 12. Qxd8+ Rxd8 13.
Rxd8+ Kxd8 14. Rd1+ Kc8 15. Be3 a6 16. Bb6 Nd7 17. Ba5 e6 $16 (17... g6 18. b4
$14) 18. Ne4 Be7 19. Nd6+ Bxd6 20. Rxd6 Nb8 21. Kc2 Re8 22. Kd3 Re7 23. Rd8+
Kb7 24. Kc4 e5 25. Bb4 Rd7 26. Rxd7+ $11 (26. Rh8 $5 $14) 26... Nxd7 27. Bd6
Kb6 28. g4 Kb7 29. g5 f6 30. gxf6 Nb6+ 31. Kd3 gxf6 32. f4 exf4 33. Bxf4 Kc8
34. Be3 Nd5 35. Bc5 Kd7 36. Kd4 Ke6 37. Bf8 f5 38. Kc5 {
Active king in the endgame} Kd7 39. h4 $11 (39. Bh6 $142 $5 $16) 39... Kc7 $14
(39... Nf4 $5 {deserves consideration} 40. Kb6 Ng6 $11) 40. Bd6+ Kd7 41. f4 $11
(41. Be5 a5 $14) 41... a5 42. Be5 Nb4 43. a3 $15 (43. Bc3 Nxa2 44. Bxa5 Nc1 $11
) 43... Nd3+ 44. Kd4 Nxb2 45. Kc3 Na4+ 46. Kc4 Nb6+ $15 (46... h5 47. Bd4 $15)
47. Kc5 {The white king gets dangerous} Nd5 48. Bb8 $17 (48. h5 $5 $15 {
should be considered}) 48... a4 49. Be5 h5 50. Kd4 Ke6 51. Kc5 Ne7 52. Bd4 Ng6
53. Kb4 (53. Kxc6 Nxh4 54. Kb5 Ng2 $19) 53... Nxh4 54. Kxa4 Nf3 55. Bf2 Ke7 (
55... h4 {keeps an even firmer grip} 56. Kb4 $19) 56. Kb4 h4 57. a4 Kd7 58. a5
Kc7 59. Kc5 h3 60. Bg3 h2 (60... Kb7 {and Black can already relax} 61. Kd6 $19)
61. Bxh2 Nxh2 1/2-1/2

[Event "City of Adelaide"]
[Site "Adelaide"]
[Date "1998.09.16"]
[Round "9.6"]
[White "Koodrin, Zina"]
[Black "Brown, Cyril D"]
[Result "1/2-1/2"]
[WhiteElo "1008"]
[BlackElo "1247"]
[Annotator "Fritz 5.00 - Anderson-Smith,W"]
[PlyCount "76"]
[EventDate "1998.07.22"]
[EventType "swiss"]
[EventRounds "9"]
[EventCountry "AUS"]

1. d4 d5 2. Nf3 e6 3. c4 {Queen's Gambit} g6 (3... Nd7 4. g3 (4. Nc3 dxc4 5. e4
Nb6 6. Bxc4 Nxc4 7. Qa4+ Bd7 8. Qxc4 Nf6 9. Bg5 h6 10. Bxf6 gxf6 11. O-O c6 12.
Rfd1 Qa5 13. d5 Bb4 14. a3 Bxc3 15. b4 Qa4 16. Qxc3 O-O-O 17. Qxf6 exd5 18.
exd5 Be6 19. d6 Rhg8 20. Ne5 Qb3 21. Rd3 Qc2 22. Rad1 Bd5 23. g3 Kb8 24. d7 Ka8
25. b5 h5 26. bxc6 bxc6 27. Rxd5 cxd5 28. Qf3 {
1-0 Yermolinsky,A-Luther,T/Hastings9596 1996/TUR 96}) 4... dxc4 5. Bg2 Nb6 6.
Ne5 Ne7 7. Nxc4 Nc6 8. Nxb6 axb6 9. e3 Be7 10. O-O O-O 11. e4 e5 12. d5 Nd4 13.
Be3 Bc5 14. Nd2 Bd7 15. a3 Ba4 16. Qb1 Bb5 17. Re1 Re8 18. b4 {
Krasenkow,M-Smagin,S/Moscow PCA qual  rapid 1996/EXP 52/1-0 (39)}) (3... Nf6 4.
Nc3 Be7 5. Bg5 h6 6. Bh4 O-O 7. e3 b6 8. Be2 Bb7 9. Bxf6 Bxf6 10. cxd5 exd5 11.
b4 $11) 4. Nc3 Ne7 5. Bg5 Bg7 $146 (5... c6 6. e4 dxc4 7. Bxc4 Bg7 8. e5 O-O 9.
Ne4 Nd7 10. Qd2 f6 11. Bxe6+ Kh8 12. Bxd7 fxg5 13. Bxc8 Rxc8 14. Qxg5 Rf5 15.
Qd2 Nd5 16. Nd6 Bf8 17. Nxc8 Bb4 18. Nd6 Bxd2+ 19. Nxd2 Nf4 20. Nxf5 gxf5 21.
g3 Nd3+ 22. Ke2 Qxd4 23. f4 Nxb2 24. Rhd1 Qd3+ 25. Kf2 Nxd1+ 26. Rxd1 Qc2 27.
Ke1 Qxa2 28. Nf3 b5 29. Nh4 Qe6 30. Rd6 Qc8 31. e6 Kg7 32. Nxf5+ Kf6 33. g4 b4
34. e7+ Kf7 35. Kd2 c5 36. Rd8 Qe6 37. Rf8+ Kg6 38. e8=Q+ Qxe8 39. Rxe8 c4 40.
Rc8 c3+ 41. Kc2 a5 42. Ra8 b3+ 43. Kxb3 a4+ 44. Kxc3 a3 {
1-0 Andre,G-Budde,M/DVMi U15 1994}) (5... c6 6. Bf6 Rg8 7. Ne5 $14) 6. e3 (6.
Bxe7 Qxe7 7. cxd5 O-O $16) 6... Nbc6 7. Bd3 a6 {Secures b5} 8. Bxe7 Nxe7 9. Bc2
(9. O-O O-O $11) 9... Bd7 (9... dxc4 10. Ne5 $15) 10. b3 {Secures a4} (10. c5
O-O $11) 10... c6 {Consolidates b5} (10... c5 11. cxd5 exd5 12. Qd2 $11) 11.
O-O Qc7 12. Ne2 (12. c5 f6 $11) 12... b6 13. Re1 O-O 14. Qd2 Qd8 $14 (14... c5
15. cxd5 exd5 16. h3 $11) 15. Nf4 Nf5 $14 (15... f6 16. Nd3 $11) 16. Rab1 $11 (
16. Bxf5 exf5 17. cxd5 cxd5 18. Nxd5 Bc6 $14) 16... Nh4 17. Bd1 Nxf3+ $14 (
17... Nf5 18. Be2 $14) 18. Bxf3 e5 $16 (18... Qh4 $5 $11 {
is an interesting alternative}) 19. dxe5 Bxe5 20. cxd5 Bxf4 21. exf4 cxd5 22.
Bxd5 Bf5 $18 (22... Be6 23. Rbd1 Bxd5 24. Qxd5 Qxd5 25. Rxd5 $16) 23. Rbc1 $16
(23. Rbd1 Rc8 $18) 23... Rc8 24. Rxc8 {Threatening mate... how?} Qxc8 (24...
Bxc8 25. Rd1 Qc7 26. h3 $16) 25. Bc4 (25. Re7 Bd7 $16) 25... Rd8 26. Qe2 $4 $17
{White is ruining his position} (26. Qe3 $142 b5 27. Bf1 $16) 26... Qd7 $4 $18
{Black has let it slip away} (26... b5 $142 27. Bxf7+ Kxf7 28. Qe7+ Kg8 $19)
27. h3 $4 $17 {
not a good decision, because now the opponent is right back in the game} (27.
Bxa6 $142 {would have made live much easier for White} Be6 28. g3 $18) 27... h5
$4 $18 {forfeits the advantage} (27... b5 $142 $17) 28. Rc1 $4 $17 {
with this move White loses his initiative} (28. Bxa6 $142 {
a shame that White overlooked this excellent chance} Be6 29. Bc4 Bxc4 30. Qxc4
$18) 28... Qd2 $4 $16 {hands over the advantage to the opponent} (28... b5 $142
$17) 29. Re1 $11 (29. Bxf7+ Kf8 30. Qxd2 Rxd2 31. Rc7 Rxa2 32. h4 $14) 29...
Qxe2 $14 (29... Qd7 30. Bxa6 Be6 $18) 30. Rxe2 $4 $19 {
allows the opponent back into the game} (30. Bxe2 $142 {was possible} a5 31.
Bc4 $16) 30... Kf8 $4 $16 {letting the wind out of his own sails} (30... b5
$142 $19 {would have given Black a clear advantage}) 31. a4 $14 (31. Bxa6 $5
Rd4 32. Bb5 $16) 31... a5 32. Re3 Rd7 33. Kh2 Kg7 34. f3 $14 (34. Kg3 f6 $16)
34... Kf6 $16 (34... h4 $5 $14) 35. Rc3 $14 (35. g4 $5 Bc2 36. Kg3 $16) 35...
Rd2 $16 (35... h4 36. Ba6 $14) 36. Bf1 Rc2 37. Rxc2 Bxc2 38. Bc4 Bd1 $16 (38...
h4 $5 $14 {is worth consideration}) 1/2-1/2

[Event "City of Adelaide"]
[Site "Adelaide"]
[Date "1998.09.16"]
[Round "9.7"]
[White "Kramer, Warren"]
[Black "Yang, Song"]
[Result "1-0"]
[WhiteElo "1323"]
[BlackElo "1329"]
[Annotator "Fritz 5.00 - Anderson-Smith,W"]
[PlyCount "101"]
[EventDate "1998.07.22"]
[EventType "swiss"]
[EventRounds "9"]
[EventCountry "AUS"]

1. e4 c5 2. Nf3 d6 3. d4 cxd4 4. Nxd4 Nf6 5. Nc3 a6 {
Sicilian Defence, Najdorf System.} 6. Be2 e5 {Opocensky Variation.} 7. Nb3 Be6
8. Bg5 Be7 9. Qd2 $146 (9. Bxf6 Bxf6 10. Nd5 (10. O-O Nc6 11. Nd5 Bg5 12. Qd3
Ne7 13. Nxe7 Qxe7 14. Rfd1 Rd8 15. Bf3 O-O 16. Nd2 Qc7 17. c3 Rd7 18. Nf1 Qc5
19. Ne3 Bxe3 20. Qxe3 Qxe3 21. fxe3 Rc8 22. Rd2 Kf8 23. Bd1 Ke7 24. Bb3 Bc4 25.
Kf2 b5 26. Bd1 Rb7 27. Bg4 Rc5 28. b3 Be6 29. Bxe6 fxe6 30. Rad1 Rb6 31. Rd3
Rbc6 32. Rc1 a5 33. Ke2 d5 34. Rcd1 Rxc3 35. exd5 Rxd3 36. dxc6 Rxd1 37. Kxd1
Kd6 38. e4 Kxc6 39. Kd2 Kc5 {1/2-1/2 Unzicker,W-Huebner,R/BL 8687 1987/BL 80})
10... O-O (10... Bg5 11. h4 Be7 12. g3 Nd7 13. a4 Nf6 14. Nxf6+ Bxf6 15. c4 O-O
16. Nd2 Qa5 17. O-O Bd8 18. b3 Bb6 19. Kg2 Bc5 20. Ra2 Bd7 21. Rc2 Bc6 22. Bf3
Qb4 23. Kh2 g6 24. h5 Kg7 25. Kg2 Qb6 26. Qe2 Qd8 27. Nb1 Qg5 28. Nc3 Rae8 29.
Qd2 Qxd2 30. Rxd2 f5 31. Nd5 a5 32. hxg6 hxg6 33. g4 fxg4 34. Bxg4 Rf7 35. f3
Bxd5 36. Rxd5 Ref8 37. Rh1 Rh8 38. Rdd1 Rff8 39. Rxh8 Rxh8 40. Rh1 Rxh1 41.
Kxh1 Kf6 {1/2-1/2 Wolf,V-King,D/BL 8586 1986/BL 80}) 11. Nxf6+ Qxf6 12. Qxd6
Nc6 13. O-O Rfd8 14. Qa3 Bxb3 15. axb3 Rd2 16. Bd3 Rd8 17. Rad1 Rxd1 18. Rxd1
Qf4 19. Qa1 h5 20. Qc1 Qxc1 21. Rxc1 Nb4 22. Rd1 Nxd3 23. Rxd3 Rxd3 24. cxd3
Kf8 25. Kf1 Ke7 26. Ke2 Kd6 27. b4 Kc6 28. d4 exd4 29. Kd3 Kb5 30. f4 Kxb4 31.
Kxd4 a5 32. f5 f6 33. e5 fxe5+ 34. Kxe5 Kc4 35. h4 a4 36. g4 hxg4 37. Kf4 Kd5
38. Kxg4 b5 39. h5 b4 40. f6 Ke6 41. fxg7 Kf7 42. h6 a3 43. bxa3 bxa3 {
0-1 Wolf,V-Middendorf,F/BL 8384 1984/BL 80}) (9. Nd2 Nbd7 10. Nc4 O-O 11. Bxf6
Nxf6 12. Ne3 Qb6 13. Rb1 Qc5 14. O-O b5 15. a3 Bd8 16. Qd3 Bb6 17. Ned5 Nxd5
18. Nxd5 Bxd5 19. exd5 Rac8 20. Rbc1 f5 21. c4 b4 22. axb4 Qxb4 23. Qc3 a5 24.
Qxb4 axb4 25. Ra1 Ra8 26. g3 Bd4 27. Rxa8 Rxa8 28. b3 Ra2 29. Bd1 Kf7 30. g4 g6
31. gxf5 gxf5 32. Kg2 Kf6 33. Kf3 Rd2 {
0-1 Masserey,Y-Gallagher,J/Geneve op 1995/EXP 46}) 9... O-O 10. O-O b5 11. Bxf6
Bxf6 12. Nd5 {The white knight on an outpost} Bg5 13. Qd3 Nd7 14. f4 $17 (14.
a4 $142 $5 $11 {might be a viable alternative}) 14... exf4 $15 (14... Bxd5 15.
fxg5 Bc4 16. Qd2 $15) 15. Nxf4 Ne5 16. Qd4 (16. Nxe6 $4 {
would lead to destruction} Qb6+ (16... fxe6 $6 17. Qh3 $11) 17. Qd4 Be3+ 18.
Kh1 Bxd4 (18... fxe6 $6 {is the weaker alternative} 19. Qxb6 Bxb6 20. g3 $15)
19. Nexd4 Qc7 $19) 16... Bxf4 17. Rxf4 Rc8 18. c3 Bc4 19. Bxc4 Rxc4 20. Qe3 Ng6
21. Rf2 Re8 22. Qa7 Ne5 {A comfortable square for the black knight} 23. Raf1 {
f7 seems the pivot of the position} Rxe4 24. Qxa6 Qd7 25. Nd4 b4 26. Nf5 {
The isolani on d6 becomes a target} Nc6 $16 (26... Ng4 $5 {
is an interesting idea} 27. Nxd6 Nxf2 28. Nxe8 Nh3+ 29. gxh3 Rxe8 30. cxb4 Qd4+
31. Kh1 Qe4+ 32. Kg1 Qd4+ 33. Kh1 Qd5+ 34. Kg1 Qd4+ $11) 27. cxb4 Rxb4 (27...
Re1 28. b5 Nd8 29. Qxd6 (29. Nxd6 $143 Rxf1+ 30. Rxf1 Re6 $15) 29... Qxb5 30.
Qd4 $16) 28. Qd3 (28. Nxg7 Kxg7 29. Rxf7+ Qxf7 30. Rxf7+ Kxf7 31. Qxc6 Rxb2 32.
Qd5+ Ke7 $11) 28... d5 (28... Reb8 29. Re1 (29. Nxd6 {is clearly inferior} Rd4
30. Qc3 Rxd6 $17) 29... Qa7 30. Kf1 $16) 29. Qg3 $14 (29. Nxg7 $142 $5 Kxg7 30.
Qg3+ (30. Rxf7+ $6 Qxf7 31. Qc3+ d4 32. Rxf7+ Kxf7 33. Qf3+ Ke7 34. Qxc6 Rxb2
$14) 30... Kf8 31. Rxf7+ Qxf7 32. Qd6+ Re7 33. Rxf7+ Kxf7 34. Qxc6 Rxb2 35.
Qxd5+ Kf8 36. h4 $16) 29... f6 30. Nh6+ (30. Nxg7 Qxg7 31. Qd6 Rc4 32. Qxd5+
Qf7 33. Qxf7+ Kxf7 $11) 30... Kh8 31. Nf5 (31. Qd6 Qe6 32. Qxe6 Rxe6 $11) 31...
Nd4 32. Nxd4 {A valuable piece} Rxd4 33. Qc3 Rc4 34. Qd3 Qc6 35. Rd1 {
Attacks the isolani on d5} Re5 36. Qa3 {Threatening mate... how?} Qe8 37. Rdf1
Rce4 38. Qc3 d4 39. Qd3 Rd5 40. Qc4 Rd7 41. Rf4 $17 (41. Qd3 Re3 42. Qf5 Rde7
$15) 41... Rxf4 {Do you see the mate threat?} 42. Rxf4 {
Attacking the isolated pawn on d4} Rd8 43. Qd3 Qc6 44. Rf1 Qd5 45. a3 Re8 46.
h3 Re3 47. Qa6 Qd8 $11 (47... h6 48. Qc8+ Kh7 49. Qf5+ Qxf5 50. Rxf5 $11) 48.
Rc1 Re8 49. Rd1 h6 50. Qd3 Re3 $4 $18 (50... Qd6 $142 $11 {would be a reprieve}
) 51. Qxe3 $3 {a small price for the final victory} (51. Qxe3 Qb6 52. Qe8+ Kh7
53. Qe4+ Kg8 54. Qd5+ Kf8 55. Rxd4 $18) 1-0